LDR 01060naa#a2200181#i#450# 001 EN\\bibl\113940 005 20260426073216.7 011 ## _a2782-4586 100 ## _a20260331b2026####ek#y0engy0150####ca 102 ## _aRU 200 1# _aIntegration of IoT devices into the home economy: development of the SmartHome software application for household management and cost optimization _eJournal article 210 1# _aMoscow _cITBO University _d2026 215 ## _a5 с. 608 ## _aJournal article _2local 675 ## _aПрикладные системы искусственного интеллекта. Интеллектуальные системы, обладающие знаниями. 004.89 _aНациональное богатство. Валовой национальный продукт. Совокупный общественный продукт. Народнохозяйственные балансы. Национальные счета. 330.5 _z 700 #1 _aMinkin _gAleksandr Vladimirovich 700 #1 _aNigmetzyanova _gSuyumbika Mavletzyanovna 856 4# _ajomeam.ru _u